<?xml version="1.0" encoding="UTF-8"?>
<marc:record xmlns:marc="http://www.loc.gov/MARC21/slim">
   <marc:leader>00000nam a2200000 a 4500</marc:leader>
   <marc:datafield ind1="1" ind2=" " tag="100">
      <marc:subfield code="a">Monaldi, Rita</marc:subfield>
      <marc:subfield code="4">aut</marc:subfield>
      <marc:subfield code="e">Verfasser/-in</marc:subfield>
   </marc:datafield>
   <marc:datafield ind1="1" ind2=" " tag="100">
      <marc:subfield code="a">Sorti, Francesco</marc:subfield>
      <marc:subfield code="4">aut</marc:subfield>
      <marc:subfield code="e">Verfasser/-in</marc:subfield>
   </marc:datafield>
   <marc:datafield ind1="1" ind2=" " tag="100">
      <marc:subfield code="a">Kopetzki, Annette</marc:subfield>
      <marc:subfield code="4">trl</marc:subfield>
      <marc:subfield code="e">Übersetzer/-in</marc:subfield>
   </marc:datafield>
   <marc:datafield ind1=" " ind2=" " tag="653">
      <marc:subfield code="a">Erzählungen</marc:subfield>
   </marc:datafield>
   <marc:datafield ind1=" " ind2=" " tag="653">
      <marc:subfield code="a">Historische Romane und Erzählungen</marc:subfield>
   </marc:datafield>
   <marc:datafield ind1="0" ind2="0" tag="245">
      <marc:subfield code="a">Das Mysterium der Zeit</marc:subfield>
   </marc:datafield>
   <marc:datafield ind1="0" ind2="0" tag="245">
      <marc:subfield code="b">die Möbius-Tetralogie Geschichten mit zwei Gesichtern ; der Roman Verschleierung ist das andere Gesicht der Geschichte</marc:subfield>
   </marc:datafield>
   <marc:datafield ind1="0" ind2="0" tag="245">
      <marc:subfield code="c">Monaldi &amp; Sorti. Aus dem Ital. übers. von Annette Kopetzki</marc:subfield>
   </marc:datafield>
   <marc:datafield ind1=" " ind2="1" tag="264">
      <marc:subfield code="a">Berlin</marc:subfield>
      <marc:subfield code="b">Aufbau-Taschenbuch</marc:subfield>
      <marc:subfield code="c">2013</marc:subfield>
   </marc:datafield>
   <marc:datafield ind1=" " ind2=" " tag="250">
      <marc:subfield code="a">1. Aufl.</marc:subfield>
   </marc:datafield>
   <marc:datafield ind1="1" ind2=" " tag="520">
      <marc:subfield code="a">Angaben aus der Verlagsmeldung

Das Mysterium der Zeit : Roman Monaldi/Sorti. Mysterium der Zeit(TB) / von Rita Monaldi, Francesco Sorti

Wer erfand das Abendland?

Ein höchst unterhaltsamer Abenteuerroman und eine brillante literarische Spurensuche, die nebenbei die Antike als größtes Ammenmärchen der Geschichte entlarvt.

November 1646. Ein sonderbarer Trupp von Kastraten, Gelehrten und Korsaren rettet sich nach einem Schiffbruch auf die gottverlassene Insel Gorgona im Toskanischen Meer. Während die Korsaren mit dem Fang von Wildkatzen und Fledermäusen für das Überleben des Grüppchens sorgen, geraten die Gelehrten über den Fund einer lateinischen Handschrift in helle Aufregung: prangert sie doch bedeutende Werke der Klassik als lächerliche Fälschungen an! Eine bizarre Schatzsuche beginnt, die so manche Überraschung zutage fördert und manche Gewissheit erschüttert.
</marc:subfield>
   </marc:datafield>
   <marc:datafield ind1=" " ind2=" " tag="020">
      <marc:subfield code="a">9783746629667</marc:subfield>
      <marc:subfield code="9">9783746629667</marc:subfield>
   </marc:datafield>
   <marc:datafield ind1=" " ind2=" " tag="020">
      <marc:subfield code="a">3746629667</marc:subfield>
      <marc:subfield code="9">3746629667</marc:subfield>
   </marc:datafield>
   <marc:datafield ind1=" " ind2=" " tag="041">
      <marc:subfield code="a">ger</marc:subfield>
   </marc:datafield>
   <marc:datafield ind1=" " ind2=" " tag="300">
      <marc:subfield code="a">859 S.</marc:subfield>
   </marc:datafield>
</marc:record>
